| 000 | 00394pab a2200169 454500 | ||
|---|---|---|---|
| 008 | 180718b2003 xxu||||| |||| 00| 0 eng d | ||
| 100 | _aPortes, Alejandro | ||
| 245 | _aEthnicities: children of migrants in America | ||
| 260 | _c2003 | ||
| 300 | _ap.42-52. | ||
| 362 | _aSep | ||
| 650 | _aEthnicity | ||
| 650 | _aChildren | ||
| 650 | _aMigrants | ||
| 773 | _aDevelopment | ||
| 909 | _a58338 | ||
| 999 |
_c58338 _d58338 |
||